000 00201 a2200097 4500
001 3015
100 _aPerzada, S.S.
245 _aFoundation of Pakistan
260 _a
_bN.P.A.
_c
090 _c2300
_d2300
942 _aNUST-CAE
_cM
_c14448
999 _c238088
_d238088